| 000 | 00351nam a2200145Ia 4500 | ||
|---|---|---|---|
| 008 | 230711s9999||||xx |||||||||||||| ||und|| | ||
| 041 | _aENG | ||
| 082 |
_a720 _bAU-F |
||
| 100 | _aAurand, C. Douglas | ||
| 245 | 0 | _aFountains and pools | |
| 250 | _a1st . . Ed. | ||
| 260 |
_c1991 _aNew York _bPDA Publishers Corp |
||
| 650 | _aArchitecture | ||
| 942 | _cBK | ||
| 999 |
_c2612 _d2612 |
||